[Event "E World Cup"]
[Site "Khanty Mansiysk"]
[Date "2019.09.13"]
[Round "10.14"]
[White "Nisipeanu, Liviu Dieter"]
[Black "Nakamura, Hikaru"]
[Result "1-0"]
[WhiteElo "2656"]
[BlackElo "2745"]
[EventDate "2019.??.??"]
[Annotator "Bojkov,Dejan"]
[PlyCount "59"]
[Beauty "8249692671007"]
[EventType "schev"]
[EventRounds "3"]
[EventCountry "RUS"]

1.Nf3 ( 1.c4 e6 2.g3 d5 3.Bg2 Nf6 4.Nf3 Be7 5.d4 O-O {1-0 (49) Meier,G (2628)-Nisipeanu,L (2672) Dortmund 2018} ) 1...Nf6 2.d4 e6 3.c4 d5 4.Nc3 Be7 5.g3 O-O 6.Bg2 dxc4 7.Ne5 Qd6 {"I did not expect this, especially since I have played it and come to the conclusion it is kind of dubious" (Nisipeanu).} ( {Nakamura has experience in this line as White:} 7...c5 8.dxc5 Qxd1+ 9.Nxd1 Bxc5 10.O-O Nd5 11.Ne3 Nc6 12.N3xc4 Nxe5 13.Nxe5 Bd4 14.Nd3 {1/2 Nakamura,H (2761)-Radjabov,T (2759) Moscow 2019. But this game can hardly be called a fight.} ) ( {Nisipeanu believes he is slightly better after} 7...Nc6 8.Bxc6 ) 8.O-O {Postponing the capture of the pawn for the time being.} ( 8.Nxc4 Qa6 {is how Black should play, according to the German player as Black then quickly solves the problem of his most problematic pieces (the queen and the light-squared bishop) after a further ...Rf8-d8 and ...Bc8-d7-c6.} ) 8...Qa6 9.a4 Nc6 ( {Nisipeanu also has experience in the line with reversed colors. Last year he tried the move:} 9...Rd8 {in the featured position against Meier. His countryman reacted well:} 10.Nb5 Ne8 11.Qc2 Nc6 12.Qxc4 Nxd4 13.Be3 Nf5 14.Bc5 Bxc5 15.Qxc5 Qb6 16.Qxb6 axb6 17.Rfd1 {and White went on to win an instructive game, Meier,G (2628)-Nisipeanu,L (2672) Dortmund 2018.} ) 10.Nb5 ( {With the pawn on a4, the capture on c6 makes less sense:} 10.Nxc6 bxc6 {"A tripled pawn opens two files!" (Yermo).} ) 10...Nxe5 11.dxe5 ( {White cannot bring his knight out in case of:} 11.Nxc7 $2 Qa5 12.Nxa8 Nc6 ) 11...Rd8 12.exf6 $1 $146 {"I could not really remember if this sacrifice was good or not" (Nisipeanu). The intuitive sacrifices remain one of the last human weapons against the power of the machines.} ( {Instead a predecessor saw a quick draw after} 12.Qc2 Nd5 13.Qxc4 c6 14.Nd6 Qxc4 15.Nxc4 b6 16.Bd2 Ba6 17.Rfc1 {1/2 Efimenko,Z (2647)-Kravtsiv,M (2623) Lvov 2015.} ) 12...Rxd1 13.Rxd1 ( {White rejected} 13.fxe7 {due to} 13...Rxf1+ 14.Kxf1 ( {However} 14.Bxf1 {provides compensation for the material as well; for example:} 14...Bd7 ( {Against} 14...Qc6 {best seems the preliminary} 15.Bg2 ( {rather than} 15.Nxc7 Bd7 16.Nxa8 Qc8 ) 15...Qd7 {Then} 16.Nxc7 Qxe7 17.Nxa8 {when Black cannot pick up the knight.} 17...b6 18.a5 ) 15.Nxc7 Qd6 16.Nxa8 {However White did not like} 16...Qxe7 17.Nc7 a6 ) 14...Bd7 $1 15.Nxc7 Qd6 {With mating threat.} 16.Bf4 e5 {"White is just busted. (Nisipeanu).} ) 13...Bd6 {The only move.} ( 13...Bxf6 $2 14.Nxc7 ) 14.Bf4 e5 {This move, just like the others before, was practically blitzed. Nevertheless, it seems it's Black's major mistake, but the speed that Nakamura played made White chose his next move from purely practically reasons.} ( {The computer suggests instead the highly sophisticated:} 14...c3 15.bxc3 e5 16.Bxe5 Qa5 17.Bxd6 cxd6 18.fxg7 {but this seems like a fun position to play as White.} ) ( {More natural, however, is:} 14...Qa5 $1 {For example:} 15.Nxd6 ( {There is also the repetition:} 15.Bd2 Qa6 16.Bf4 {in case White does not mind sharing the point.} ) 15...cxd6 16.Rxd6 gxf6 17.Bh6 ( {Not that good is} 17.Rad1 Kg7 $1 {when the king is secure.} ) 17...e5 18.Rad1 {and whenever the bishop goes, White captures on b7:} 18...Be6 ( 18...Bf5 19.Bxb7 ) 19.Bxb7 {The position remains unbalanced, but since the black king is eternally weak, Nisipeanu repeated multiple times he "may never lose it. "} ) 15.Nxd6 ( {White did not like the line:} 15.Bxe5 $1 Bh3 16.Bxd6 Bxg2 17.Nxc7 Qc6 18.Nxa8 Bh3 19.f3 {as he felt his king is in danger. However, if he just keeps his knight to control the diagonal, he should be much better; for example:} 19...gxf6 20.a5 $1 {and I do not see any danger for him, just extra material for White.} ( {Rather than} 20.Nc7 $2 Qb6+ 21.Kh1 Qf2 {(Nisipeanu) that indeed wins for Black after} 22.Rg1 c3 $3 ( 22...Qxe2 23.Ra3 $1 ) 23.bxc3 Qxe2 {with huge material losses for White.} ) ) 15...cxd6 {The first lengthy thought by Nakamura in an obviously tough position.} ( {Nisipeanu believed that the best defense is:} 15...exf4 $5 16.Ne8 Qb6 {when White has a lot of choices.} ( {After} 16...Qa5 17.Rd8 gxf6 {White simply brings more and more pieces into the attack:} 18.Rad1 ) 17.Rd8 ( {White can also win material after:} 17.a5 Qxb2 18.Nxc7 ( 18.a6 $5 ) 18...gxf6 19.Nxa8 {and this should be much better for him, although there are still chances after} 19...c3 ) 17...gxf6 18.Rad1 ( {One point behind the move Qa6-b6 is revealed in the line} 18.Nxc7+ Kg7 19.Nxa8 Qxd8 ) 18...Qxb2 19.Nxc7+ Kg7 20.Nxa8 {White should be better, but there is still a lot to play.} ) 16.Bxe5 $1 {"I thought I am much better here" (Nisipeanu).} 16...Qa5 ( {Not} 16...Bh3 17.Rxd6 Qa5 18.Rd5 $1 {(Nisipeanu)} ( {rather than} 18.Bc3 Qc5 ) ) 17.Rxd6 {In comparison to the line above, White did not win material but has all his pieces securely placed. He's dominating. Nakamura needs to sacrifice some pawns to bring the reserves out, but this does not help him.} 17...Bg4 ( {Nothing changes} 17...Be6 18.Rad1 ) 18.Bc3 Qc7 19.Rad1 g6 ( {If} 19...Bxe2 20.Rd7 {and the rooks dominate on the seventh rank.} ) 20.Bxb7 Rf8 21.Bf3 Bxf3 ( 21...Bf5 22.Rc6 {is equally hopeless.} ) 22.exf3 {White has it all: a more secure king, more active pieces and even material advantage.} 22...h5 ( {Or} 22...Re8 23.Kg2 ) 23.Kg2 Re8 24.h4 Qc8 25.a5 {Next Nisipeanu improves everything he can and penetrates on the back ranks.} 25...a6 26.Rd7 Qa8 27.R1d6 Rc8 28.Bd4 c3 29.bxc3 Re8 30.Bb6 1-0

[Event "E World Cup"]
[Site "Khanty Mansiysk"]
[Date "2019.09.14"]
[Round "11.24"]
[White "Xu, Xiangyu"]
[Black "Inarkiev, Ernesto"]
[Result "1-0"]
[WhiteElo "2576"]
[BlackElo "2693"]
[EventDate "2019.??.??"]
[Annotator "Bojkov,Dejan"]
[PlyCount "91"]
[Beauty "7286877591094"]
[EventType "schev"]
[EventRounds "3"]
[EventCountry "RUS"]

1.d4 Nf6 2.c4 e6 3.Nc3 Bb4 4.Nf3 b6 5.Bd2 O-O 6.e3 c5 ( {Another plan is:} 6...Bb7 7.Bd3 d6 8.O-O Nbd7 9.a3 Bxc3 10.Bxc3 Ne4 {Braun,A (2598)-Donchenko,A (2604) chess.com INT 2019} ) 7.Bd3 Ba6 8.a3 Bxc3 9.Bxc3 d5 $146 {A logical novelty.} ( {It will be interesting to learn why Inarkiev deviated from} 9...cxd4 10.exd4 d5 11.b3 Qc7 12.Rc1 Rc8 13.Bb2 dxc4 14.bxc4 Nbd7 15.O-O Bb7 16.d5 exd5 17.Nd4 Re8 18.cxd5 Qe5 {1/2-1/2 (18) Gligoric,S-O'Kelly de Galway,A Palma de Mallorca 1967} ) 10.dxc5 dxc4 11.Bc2 Nbd7 ( {White is somewhat better in the endgame after} 11...Qxd1+ 12.Rxd1 Nd5 13.Ne5 ) 12.cxb6 axb6 13.h4 $5 {An interesting concept. Since White did not castle yet, it seems attractive to bring one major piece--or two--to help the bishops. The question is, does White have the time to do it with the king in the center.} 13...Qc7 {Inarkiev wants to win a tempo by chasing the queen from the open file. This, however, is a risky strategy as the almighty majesty does want to meet the black king at his residence.} ( {More solid seems to be challenging the bishops at once with:} 13...Nd5 {The attack would not be dangerous without the dark-squared bishop:} 14.Qd4 ( {If} 14.Bd4 c3 15.bxc3 Qc7 {pointing at the fact that White did not castle yet.} ) 14...Nxc3 15.Qxc3 Nc5 ) 14.Qd4 Rfd8 15.h5 h6 16.Rh3 Kf8 {A serious inaccuracy. The king is not safer there.} ( 16...e5 17.Qh4 {does not change much.} ) ( {However, it made sense to adopt this defensive setup:} 16...Nc5 17.Qh4 Ne8 $1 ( 17...Qe7 18.Rg3 {is less attractive for Black.} ) 18.Rg3 f6 19.Qg4 e5 {Of the two white bishops, the most annoying is the one without an opponent. Therefore, Black needs to build a wall against it as soon as possible.} ) 17.Rg3 Bb7 ( {With the king already on f8, the aforementioned plan is not good:} 17...Nc5 18.Qh4 Ne8 19.Qg4 f6 20.Nh4 ) 18.Qh4 Qd6 ( {Or} 18...Bxf3 19.gxf3 {followed by Ke1-e2 and a massive attack on the kingside.} ) ( {Apparently, the computer fears White's attack so much that it suggests the positional exchange sacrifice:} 18...Ra5 19.Bxa5 bxa5 ) 19.Rd1 Qe7 20.Qxc4 {A small snack in the middle of the attack.} ( {Xu, however, missed a far more delicious dish. The beautiful} 20.Rxd7 $3 {gains material in all lines. For example:} 20...Nxd7 ( {If} 20...Rxd7 21.Bb4 Rd6 22.Rxg7 $1 Kxg7 23.Qg3+ {with a decisive attack on the dark squares.} ) ( 20...Qxd7 {stumbles into the magic:} 21.Bb4+ Ke8 22.Qxf6 $1 ) 21.Bxg7+ Ke8 22.Qf4 {with an unstoppable attack.} ) 20...Nc5 21.Rxd8+ Rxd8 22.Qh4 {As if nothing happened, Xu resumes the attack.} 22...Be4 {Finally, Inarkiev challenges the bishop, however...} ( {Had he known what was about to happen, he might have chosen} 22...Rc8 {although this should not have changed the final outcome.} ) 23.Rxg7 $3 {No mercy in the second window of opportunity!} 23...Kxg7 ( {Black could have also tried to checkmate for a change. But he will be one tempo short:} 23...Bxc2 24.Bxf6 Rd1+ ( {After} 24...Qd7 25.Nd4 {is the simplest win.} ) 25.Ke2 Qd6 ( {In case of} 25...Qd7 26.Rg8+ $1 Kxg8 27.Qg3+ {The king lacks an escape square on d7, and Black faces heavy material losses:} 27...Bg6 ( 27...Kf8 28.Qg7+ Ke8 29.Qg8# ) 28.Qb8+ ) 26.Be7+ $1 {winning the queen after} 26...Qxe7 27.Rg8+ ) 24.Bxe4 Nd7 ( {If Black trades more pieces, the pin will be still unbearable even in the endgame:} 24...Nxe4 25.Qxe4 Qd6 26.Qd4 $1 Qxd4 27.Bxd4 {Now White threatens all sorts of knight pickings, like Nf3-h2-g4 or the kingside pawn advance. The only way to break the pin is:} 27...e5 ( {The knight endgame is obviously lost:} 27...Rxd4 28.Nxd4 Nxh5 ) 28.Nxe5 Kf8 29.Bxb6 {But that leaves Black poor and pawnless.} ) 25.Ne5 $1 {The decisive reinforcement.} 25...Rc8 ( {Otherwise the pin is unbearable:} 25...Nxe5 26.Bxe5 Rc8 27.Qg3+ Kh8 28.Qf4 Kg7 29.g4 {with g4-g5 coming.} ) 26.Nxd7 Rxc3 {This bishop costed Black too dearly.} 27.Qg3+ {Winning a whole piece.} ( {Less precise is:} 27.bxc3 Qxd7 ) 27...Kh8 28.Nxf6 Qxf6 29.bxc3 Qxc3+ 30.Ke2 f5 31.Bd3 Qb2+ 32.Kf3 Qxa3 33.Qe5+ Kh7 34.Qc7+ Kg8 35.Qd8+ Kf7 36.Bc4 Qa4 37.Qc8 ( 37.Qc7+ Kf6 38.Kf4 {would need calculating, but Xu is in control.} ) 37...Qd1+ 38.Kf4 ( {Or} 38.Kg3 Qg4+ 39.Kh2 Qxh5+ 40.Kg1 Qd1+ 41.Bf1 ) 38...Qd6+ 39.Kf3 Qd1+ 40.Be2 Qd5+ 41.Kg3 Qe5+ 42.Kh3 Qb2 43.Bc4 Qe5 44.Qd7+ Kf6 45.Qd8+ Kf7 46.Qxb6 1-0

[Event "E World Cup"]
[Site "Khanty Mansiysk"]
[Date "2019.09.15"]
[Round "12.13"]
[White "Matlakov, Maxim"]
[Black "Gelfand, Boris"]
[Result "1-0"]
[WhiteElo "2716"]
[BlackElo "2686"]
[EventDate "2019.??.??"]
[Annotator "Bojkov,Dejan"]
[PlyCount "73"]
[Beauty "7904371422778"]
[EventType "schev"]
[EventRounds "3"]
[EventCountry "RUS"]

1.d4 Nf6 2.c4 e6 3.Nf3 d5 4.Nc3 c6 5.Bg5 h6 6.Bxf6 Qxf6 7.e3 g6 8.Be2 ( {A highly exciting battle emerged after} 8.Ne5 Bg7 9.f4 Nd7 10.h4 Qe7 11.Qc2 O-O 12.O-O-O Nxe5 13.fxe5 Bd7 14.g4 f6 15.Qxg6 fxe5 16.Bd3 e4 17.Nxe4 Be8 18.Nf6+ Rxf6 19.Qh7+ Kf8 20.g5 hxg5 21.hxg5 Rf7 22.Qh3 Rd8 23.g6 Rf6 24.Qh8+ Bxh8 25.Rxh8+ Kg7 26.Rh7+ Kf8 27.Rh8+ Kg7 28.Rh7+ Kf8 29.Rh8+ {1/2 Mamedyarov,S (2764)-Giri,A (2779) Saint Louis 2019} ) 8...Bg7 9.O-O O-O 10.Ne5 c5 11.cxd5 cxd4 12.exd4 exd5 13.Bf3 Nc6 14.Re1 Qd6 15.Nxf7 $146 {A rich novelty. Gelfand was definitely aware of it as he quickly picked up the correct continuation.} ( {All of this had happened before and an email game went} 15.Nxd5 Nxe5 16.dxe5 Bxe5 17.g3 Be6 18.Qb3 Rad8 19.Rad1 Qb8 20.Qe3 Bg7 21.b3 Rfe8 22.Qc1 Kh7 23.Nf4 Rc8 24.Qa3 Bf5 25.Rxe8 Rxe8 26.Qb4 b6 {1/2 Rodriguez,L (2107)-Ramos,E (2262) ICCF email 2016} ) 15...Rxf7 16.Bxd5 Bf5 ( {Worse is} 16...Bd7 17.Bxf7+ Kxf7 18.Nb5 Qb4 ( {Black gets under nasty attack if he opts for} 18...Qf6 19.Qb3+ Kf8 20.Re3 ) 19.Qf3+ Kg8 20.Qd5+ Kh7 ( {Or} 20...Kh8 21.Qxd7 Qxb5 22.d5 Nd4 ( 22...Rd8 23.Re8+ $1 ) 23.Qxb5 Nxb5 24.Re7 {with a clearly better endgame for White.} ) 21.Qxd7 Qxb5 22.Re7 Rg8 23.Qxb7 {In comparison to the game Black lacks the additional chances related to the weak white king.} ) ( 16...Qf4 17.Qb3 Qxf2+ 18.Kh1 Nxd4 19.Qc4 ( 19.Bxf7+ Qxf7 20.Re8+ Bf8 21.Rxf8+ Kxf8 22.Qb4+ ) ) 17.g4 {A forced weakening.} ( {As otherwise there is no visible follow-up of the attack in case of} 17.Bxf7+ Kxf7 18.Nb5 Qb4 ) 17...Bd7 18.Bxf7+ Kxf7 19.Nb5 Qb4 20.Qf3+ Kg8 21.Qd5+ Kh7 22.Qxd7 Qxb5 23.Re7 ( {Not:} 23.d5 $2 Rd8 24.Qe6 Nd4 {with a decisive counter-attack.} ) 23...Rg8 24.Rae1 {The end of the forcing line.} ( {Due to the kingside weakening Matlakov can no longer liquidate into a favorable endgame:} 24.Qxb7 Qg5 25.Rxg7+ Rxg7 26.Qxc6 Qxg4+ 27.Qg2 Qxd4 {is equal.} ) 24...Qxb2 ( {The other move which deserved serious consideration was} 24...Qg5 $5 25.Rf7 ( {True, White does not need to repeat and can keep on playing with} 25.Re8 {Then} 25...Rxe8 26.Rxe8 Nxd4 27.Kf1 ) 25...Nd8 26.Rfe7 Nc6 {leads to repetition of the moves.} ) 25.Qxb7 Qc2 ( {Once more, it made sense to keep the queen close to the enemy king with} 25...Qc3 {Then} 26.Qc7 ( 26.R1e3 Qa1+ 27.Re1 {is only repetition.} ) 26...Qf3 {looks annoying for White. In any case he would not have enough time to seize the seventh rank.} ) 26.Qc7 Qa4 27.Qd7 ( {It is too early for} 27.Rf7 Nxd4 28.Ree7 $2 Qd1+ {when Black attacks first.} ) 27...Qc4 28.Rf7 Nxd4 29.Ree7 Kh8 ( {The endgame after} 29...Qc1+ 30.Kg2 Qc6+ 31.f3 $1 Qxd7 32.Rxd7 {is very difficult for Black. He is practically paralized and the rook and the pawn are as a rule stronger than the minor pieces in the battle on two flanks.} ) 30.Kg2 $1 {A very cool move, sidestepping the knight check and asking Black what is he doing.} ( 30.Rxg7 Rxg7 31.Rxg7 Nf3+ 32.Kg2 Ne1+ 33.Kg1 Nf3+ {would lead to a forcing draw instead.} ) 30...Nc2 {The knight leaves the center. A bad sign for Gelfand.} ( {However, it is understandable that he still does not like the endgame after} 30...Qc6+ 31.Qxc6 Nxc6 32.Re4 ) ( {Most stubborn, however, is to use the same "sticking" idea from before} 30...Qc3 {The queen is ready for perpetual all the time:} 31.Rxg7 ( {Therefore White will need to try and play for the win with} 31.Re8 Rxe8 32.Qxe8+ Kh7 33.Qe4 {when the white pieces are dominating, but the black ones are lurking in the grass, waiting for a good moment to come.} ) 31...Qf3+ ) 31.Qe6 Qd3 ( {If the endgame was very bad for Black, here it is simply unplayable.} 31...Qxe6 32.Rxe6 g5 33.Rxa7 ) 32.Re8 $1 {Matlakov wins material.} 32...Rxe8 33.Qxe8+ Kh7 34.Qe5 Ne1+ 35.Qxe1 {Forced but good.} ( 35.Kg1 $2 Nf3+ ) 35...Qd5+ ( {The last chance was:} 35...Qc4 36.Rf3 Qxg4+ 37.Rg3 Qc4 {although White should win here as well.} ) 36.Rf3 Qxa2 37.Qe4 1-0